000 01164cam a22003254a 4500
999 _c7778
_d7778
001 13759210
003 GZU
005 20210512122712.0
008 041022s2006 njua b 001 0 eng
010 _a 2004061743
020 _a0131495380
035 _a(OCoLC)ocm56840316
040 _aDLC
_cDLC
_dYDX
_dBAKER
_dNLGGC
_dDLC
042 _apcc
050 0 0 _aHF5686.C8
_bH59 2006
082 0 0 _a658.15/11
_222
084 _a85.25
_2bcl
100 1 _aHorngren, Charles T.,
_d1926-
245 1 0 _aCost accounting :
_ba managerial emphasis /
_cCharles T. Horngren, Srikant M. Datar, George Foster.
250 _a12th ed.
260 _aNew Delhi :
_bPrentice Hall of India,
_cc2006.
300 _axxviii, 868 p. :
_bill. (some col.) ;
_c29 cm.
504 _aIncludes bibliographical references (p. 829-831) and indexes.
650 0 _aCost accounting.
700 1 _aDatar, Srikant M.
700 1 _aFoster, George.
906 _a7
_bcbc
_corignew
_d1
_eocip
_f20
_gy-gencatlg
942 _2lcc
_cBK
_e12th
_h5686
_iHOR
_kHF
_m2006